All 1989 Vault Tracks - Statistics

General Stats
  • This quiz has been taken 36 times
  • The average score is 5 of 5
Answer Stats
Hint Answer % Correct
1989 (Taylor's Version) Is It Over Now?
100%
1989 (Taylor's Version) "Slut!"
100%
1989 (Taylor's Version) Suburban Legends
100%
1989 (Taylor's Version) Now That We Don't Talk | NTWDT
97%
1989 (Taylor's Version) Say Don't Go
87%
No matching quizzes found
Score Distribution
Percent of People with Each Score
Percentile by Number Answered
Your Score History
You have not taken this quiz